| 000 | 00455pab a2200157 454500 | ||
|---|---|---|---|
| 008 | 180718b2003 xxu||||| |||| 00| 0 eng d | ||
| 100 | _aPaul, Justin | ||
| 245 | _aStrategies for sustainable financial system: a study with reference to lowering interest rates | ||
| 260 | _c2003 | ||
| 300 | _ap.48-60. | ||
| 362 | _aApr | ||
| 650 | _aInterest rates | ||
| 700 | _aGada, Kranti | ||
| 773 | _aPrestige Journal of Management and Research | ||
| 909 | _a58286 | ||
| 999 |
_c58286 _d58286 |
||